000 00695nam a2200229Ia 4500
005 20260429112317.0
008 260429s9999||||xx |||||||||||||| ||und||
020 _a9789349557406
041 _aEnglish
082 _a954
_bJAC
100 _aJackson, A. V. Williams
245 0 _aHistory of India :
_bfrom the reign of Akbar the great to the fall of the Moghul empire, Vol. 4 /
_cA. V. Williams Jackson
250 _a1st ed.
260 _aNew Delhi :
_bB.R. Publishing Corporation,
_c2024.
300 _aviii, 293 p.; hb
440 _vVol. 4
650 _a Akbar
650 _a Later Mughals
650 _aIndia-History-Mughal Empire
700 _a Lane-Poole, Stanley
942 _cTB
999 _c53421
_d53421